| Tag |
First Indicator |
Second Indicator |
Subfields |
| LEADER |
00000cam a22000001 4500 |
| 001 |
in00000692921 |
| 005 |
20151016054242.0 |
| 008 |
740605s1967 nyu 00010 eng |
| 010 |
|
|
|a 67026082
|
| 035 |
|
|
|a (OCoLC)00289905
|
| 035 |
|
|
|9 ADC3584AM
|
| 040 |
|
|
|a DLC
|c DLC
|d TXA
|d UtOrBLW
|
| 049 |
|
|
|a TXAM
|c 1 [A01218247], 2 [A11187561]
|
| 050 |
0 |
0 |
|a PS3525.O5616
|b A17 1967
|
| 082 |
0 |
|
|a 811/.5/2
|
| 100 |
1 |
|
|a Moore, Marianne,
|d 1887-1972.
|
| 245 |
1 |
4 |
|a The complete poems of Marianne Moore.
|
| 264 |
|
1 |
|a New York :
|b Macmillan,
|c [1967]
|
| 300 |
|
|
|a xiv, 305 pages ;
|c 24 cm.
|
| 336 |
|
|
|a text
|b txt
|2 rdacontent
|
| 337 |
|
|
|a unmediated
|b n
|2 rdamedia
|
| 338 |
|
|
|a volume
|b nc
|2 rdacarrier
|
| 999 |
|
|
|a MARS
|
| 999 |
f |
f |
|s 4a307e88-d401-3e8a-a31e-26e6f65b1abc
|i fbfd46cd-92e0-38cd-b04c-463969f1ed35
|t 0
|
| 952 |
f |
f |
|p ric
|a Texas A&M University
|b Rellis Campus
|c Joint Library Facility
|d Remote Storage
|t 0
|e PS3525.O5616 A17 1967
|h Library of Congress classification
|i unmediated -- volume
|m A14811187561
|
| 998 |
f |
f |
|a PS3525.O5616 A17 1967
|t 0
|l Remote Storage
|